Water wave mechanics for engineers and scientists
Guardat en:
| Autors principals: | , |
|---|---|
| Format: | Llibre |
| Idioma: | anglès |
| Publicat: |
Singapur
World Scientific
1991
|
| Col·lecció: | Advanced Series on Ocean Engineering, 2
|
| Matèries: | |
| Etiquetes: |
Afegir etiqueta
Sense etiquetes, Sigues el primer a etiquetar aquest registre!
|
MARC
| LEADER | 00000cam a2200000 a 4500 | ||
|---|---|---|---|
| 001 | UCN9567 | ||
| 003 | CL-VaPUC | ||
| 008 | 011207e19910000SI |||||||||||||||||eng|d | ||
| 020 | |a 9789810204211 | ||
| 082 | 0 | 4 | |a 627.042 |b DEA |2 21 |
| 100 | 0 | |a Dean, Robert G |e author |9 466096 | |
| 700 | 0 | |a Dalrymple, Robert A |e author |9 466097 | |
| 245 | 1 | 0 | |a Water wave mechanics for engineers and scientists |
| 300 | |a 353 p | ||
| 942 | |c BK | ||
| 945 | |d 20011207 00:00:00 |a crobeson | ||
| 260 | |a Singapur |b World Scientific |c 1991 | ||
| 650 | 0 | |a Ingeniería hidráulica |9 260281 | |
| 650 | 7 | |a MECANICA DE FLUIDOS - ONDAS |2 CL-VaPUC |9 466098 | |
| 650 | 0 | |a Hidrodinámica |9 261326 | |
| 583 | |a last modification |c 20120828 12:01:00 |k Rodrigo Vera | ||
| 490 | 0 | |a Advanced Series on Ocean Engineering, 2 | |
| 999 | |c 298877 |d 298875 | ||
| 952 | |0 0 |1 0 |4 0 |6 627_042000000000000_DEA_1991 |7 0 |8 CCM |9 354864 |a BIBCUR |b BIBCUR |d 2019-11-21 |i 3752887 |o 627.042 DEA 1991 |p 3752887 |r 2025-04-22 |w 2019-11-21 |y BK_R |k RNT | ||
| 952 | |0 0 |1 0 |4 0 |6 627_042000000000000_DEA_1991 |7 0 |8 A |9 354865 |a BIBING |b BIBING |d 2019-11-21 |i 4753151 |o 627.042 DEA 1991 |p 4753151 |r 2025-01-20 |w 2019-11-21 |y BK |k CIC | ||
| 952 | |0 0 |1 0 |4 0 |6 627_042000000000000_DEA_1991 |7 0 |8 A |9 354866 |a BIBING |b BIBING |d 2019-11-21 |i 475316K |o 627.042 DEA 1991 |p 475316K |r 2025-01-20 |w 2019-11-21 |y BK |k CIC | ||
| 952 | |0 0 |1 0 |4 0 |6 627_042000000000000_DEA_1991 |7 0 |8 CCM |9 354867 |a BIBCUR |b BIBCUR |d 2019-11-21 |i 4896998 |o 627.042 DEA 1991 |p 4896998 |r 2025-04-22 |w 2019-11-21 |y BK_R |k CIM | ||
| 952 | |0 0 |1 0 |4 0 |6 627_042000000000000_DEA_1991 |7 0 |8 CCM |9 354868 |a BIBCUR |b BIBCUR |d 2019-11-21 |i 4897005 |o 627.042 DEA 1991 |p 4897005 |r 2025-04-22 |w 2019-11-21 |y BK_R |k CIM | ||